000 00370nam a2200157Ia 4500
008 230524s9999 xx 000 0 und d
082 _a4
_bRAV
100 _aD.Ravichandran
_915023
245 0 _aProgramming with Pascal
250 _a1ST
260 _aNEW DELHI
_bTMH
_c1998
300 _aXIV;613
500 _aQuantity Number: 28
650 _aComp-Sc
942 _cBK
999 _c22640
_d22640